000
00303 a2200133 4500
001
156048
040
_c
Escola São Tomás de Aquino
100
_a
SMOLE, Kátia Stocco
240
1
0
_a
Faça Matemática !
_l
por
245
1
0
_a
Faça Matemática !
362
0
_a
2016
697
_a
MATEMÁTICA
942
_c
BK
999
_c
156048
_d
156048